000 01077nac a22003257a 4500
001 BR7307324
003 BR-BrBNA
005 20240105113546.0
008 230509b bl.|||m| |||| 00| 0 por d
040 _aBR-BrBNA
_bpor
_cBiblioteca Nacional de Agricultura
072 _aH20
090 _a1410 BR7307324
100 1 _aSantos Filho, H.P.
100 1 _aWaite, B.H.
110 1 _aInstituto de Pesquisas e Experimentacao Agropecuarias do Leste, Cruz das Almas, BA (Brasil)
_96180
245 1 _aAlgumas doencas importantes do feijao na Bahia [Antracnose; Ferrugem; Podridao bacteriana; Mildio; Mosaico; Brasil]
260 3 _aCruz das Almas, BA (Brasil):
_c1969.
300 _a16 p.
490 _aCircular - Instituto de Pesquisas e Experimentacao Agropecuarias do Leste (Brazil)
_vno. 12
_x
500 _a8 illus.
650 _aFEIJAO
650 _aANTRACNOSE
650 _aFERRUGEM
650 _aPODRIDAO BACTERIANA
650 _aMILDIO
650 _aMOSAICO
650 _aBAHIA
909 _a202312
_bLúcia Elande
_c55
_dLúcia Elande
942 _2AGRIS
_n0
_cMS
999 _c264431
_d264431